Vista normal Vista MARC

Odontopediatría / (Registro nro. 17451)

Detalles MARC
000 -Cabecera (24)
Campo de control interno 01130nam a22002774a 4500
001 - Número de control
Campo de control UTEA
005 - Fecha y hora de la
Campo de control 20251009122130.0
006 - Campos de control - información adicional
Campos de control g||||gr||||||01 nz
007 - Tipo material - Descripcion fisica - info general
Tipo material ta
008 - Códigos de longitud fija (40p)
Campo de control de longitud fija 251009b es ||||| |||| 00| 0 spa d
020 ## - INTERNATIONAL STANDARD BOOK NUMBER
ISBN 978-84-47-1966-7
040 ## - Origen de la Catalogacion
Centro catalogador/agencia de origen UTEA
041 ## - Código de idioma (R)
Código de lengua del texto/banda sonora o título independiente (R) spa
082 ## - Número de la Clasificación
Número de la Clasificación 617.645
Notación Interna M42 2017
100 ## - Autor Personal
Autor Personal Mendoza Mendoza, Asunción
245 ## - Titulo
Titulo Odontopediatría /
Mención del autor Asunción Mendoza Mendoza
Medio físico [texto Impreso]
250 ## - Mencion de edicion
Mencion de edicion 1ra. edición
260 ## - Editorial
Ciudad Sevilla - España
Nombre de la Editorial Editorial Universidad de Sevilla
Fecha 2017
300 ## - Descripcion
Páginas 132 p. ;
Dimensiones 24 cm.
505 ## - Nota de contenido formateada
Nota de contenido formateada Índice del Libro] Historia diagnóstico y planificación del plan de tratamiento -- Anatomía dentaria -- Forma de colocación del instrumental en el carro de clínica -- Psicodrama -- Anatomía dentaria y operatoria dental en niños -- Terapia pulpar en niños -- Coronas -- Mantenedores de espacio.
650 ## - Temas - Descriptores
Temas - Descriptores PLAN DE TRATAMIENTO
9 (RLIN) 59731
650 ## - Temas - Descriptores
Temas - Descriptores COLOCACIÓN DEL INSTRUMENTAL
9 (RLIN) 59732
650 ## - Temas - Descriptores
Temas - Descriptores PULPAR EN NIÑO
9 (RLIN) 59733
700 ## - Coautor Personal
Coautor Personal Solano Mendoza, Beatriz
Término indicativo de función (R) Coautor
9 (RLIN) 59734
942 ## - Datos personalizados Koha
Esquema de Clasificacion Dewey Decimal Classification
Tipo de Documento Libros
Fecha procesamiento 2025-10-09
Catalogador Mag. Cecilio Flores Noa
Existencias
Estado de retiro Estado de pérdida Fuente de Clasificacion Estado No para préstamo Escuela Profesional/ Mención de Maestría Localización permanente Ubicación/localización actual Ubicación en estantería Fecha de adquisición Fuente de adquisición Signatura topográfica completa Código de barras Precio válido a partir de Tipo de ítem Koha
    Dewey Decimal Classification     E.P. Estomatología Biblioteca Abancay UTEA Biblioteca Abancay UTEA Área de Ciencias Puras y Aplicada (primer piso) 10/09/2025 Compra 617.645 M42 2017 BABA25100133 10/09/2025 Libros